|
|
|
|
| LEADER |
00000nam0a2200000 4500 |
| 001 |
113491 |
| 005 |
20231031121828.0 |
| 010 |
|
|
|a 5971702440
|
| 035 |
|
|
|a (RuTPU)RU\TPU\book\122746
|
| 090 |
|
|
|a 113491
|
| 100 |
|
|
|a 20070411d2006 m y0rusy50 ca
|
| 101 |
0 |
|
|a rus
|
| 102 |
|
|
|a RU
|
| 105 |
|
|
|a y z 000ay
|
| 200 |
1 |
|
|a Кладоискатель и доспехи нацистов
|e роман
|f Ю. Гаврюченков
|
| 210 |
|
|
|a СПб.
|c Крылов
|d 2006
|
| 215 |
|
|
|a 384 с.
|
| 225 |
1 |
|
|a Мужской клуб
|
| 225 |
1 |
|
|a Остров сокровищ
|
| 330 |
|
|
|a Когда-то археологи Гиммлера искали на оккупированной территории Новгородской области укрытый в кургане талисман власти. Доспехи Чистоты, изготовленные на легендарном краю света, в Ультима Туле, дают их обладателю удивительные, мистические способности. Эти чудодейственные вещи попадают в руки кладоискателя Ильи Потехина, и сразу же он сталкивается с боевиками секретной неонацистской организации «Светлое братство». Илья бежит от них в Синявино, где собрались его старые приятели-трофейщики. Так на линии бывшего Волховского фронта снова загремели выстрелы. Война между русскими и немцами вернулась на подступы к Ленинграду.
|
| 610 |
1 |
|
|a русская литература
|
| 610 |
1 |
|
|a романы
|
| 610 |
1 |
|
|a приключения
|
| 675 |
|
|
|a Р2
|v 3
|
| 700 |
|
1 |
|a Гаврюченков
|b Ю.
|g Юрий
|
| 801 |
|
1 |
|a RU
|b 63413507
|c 20070411
|g PSBO
|
| 801 |
|
2 |
|a RU
|b 63413507
|c 20070418
|g PSBO
|
| 942 |
|
|
|c BK
|